Statistics for Finish the Nirvana Lyrics

Click here to take the quiz!

General Stats

  • This quiz has been taken 1,371 times
  • The average score is 7 of 15

Answer Stats

HintAnswer% Correct
I'm so happy 'cause today I found my friends, they'rein my head
86%
Come doused in mud, soaked inbleach
79%
Let me clip your dirtywings
73%
A mulatto, an albino, a mosquito,my libido
70%
I wish I was like youeasily amused
64%
The sun is gone, but Ihave a light
43%
Warm milk laxatives, cherry flavouredantacids
41%
Cut myself on angel hair andbaby breath
38%
I'm a negative creep andI'm stoned
37%
Teenage angst has payed off well, now I'mbored and old
35%
Would you believe me when I tell you, you're thequeen of my heart
35%
I'll take advantage while youhang me out to dry
31%
I appreciate your concern, you're gonnastink and burn
24%
I can't let you smother me, I'd like to butit wouldn't work
14%
Hand out lobotomies tosave little families
10%

Score Distribution

Percentile by Number Answered

Percent of People with Each Score

Your Score History

You have not taken this quiz